Queen Albums - Statistics

General Stats
  • This quiz has been taken 938 times
  • The average score is 13 of 16
Answer Stats
Hint Answer % Correct
1973 Queen Queen
98%
1974 Queen Queen II
97%
1975 Queen A Night at the Opera
94%
1976 Queen A Day at the Races
89%
1974 Queen Sheer Heart Attack
89%
1978 Queen Jazz
84%
1977 Queen News of the World
84%
1991 Queen Innuendo
81%
1980 Queen The Game
79%
1982 Queen Hot Space
77%
1984 Queen The Works
77%
1986 Queen A Kind of Magic
75%
1995 Queen Made in Heaven
74%
1989 Queen The Miracle
73%
1980 Queen Flash Gordon
67%
2008 Queen + Paul Rodgers The Cosmos Rocks
33%
No matching quizzes found
Score Distribution
Percent of People with Each Score
Percentile by Number Answered
Your Score History
You have not taken this quiz